Armes de CS:GO - Statistiques

Statistiques générales
  • Ce quiz a été pris 549 fois
  • Le résultat moyen est 22 sur 34
Statistiques - réponses
Hint Réponse % Correct
Rifles AK-47
93%
Rifles AWP
92%
Pistols Desert-Eagle
88%
Pistols Glock-18
85%
Pistols USP-S
83%
Rifles M4A1-S
80%
Rifles M4A4
74%
Rifles SG 553
74%
Rifles Famas
73%
Rifles Galil-AR
72%
SMG P90
71%
Heavy Negev
70%
Rifles AUG
68%
Pistols Five-seveN
66%
Pistols P250
66%
Pistols Tec-9
66%
SMG MAC-10
65%
SMG MP7
65%
Heavy Nova
64%
SMG MP9
63%
Pistols P2000
63%
Pistols R8 Revolver
62%
SMG MP5-SD
61%
Rifles Scar-20
61%
Rifles SSG 08
59%
Pistols CZ75-Auto
57%
SMG UMP-45
54%
SMG PP-Bizon
51%
Heavy MAG-7
49%
Heavy Sawed-Off
48%
Pistols Dual Berettas
45%
Heavy M249
45%
Rifles G3SG1
39%
Heavy XM1014
37%
Aucun quiz correspondant
Distribution des résultats
% des personnes avec chaque résultat
Percentile par nombre de réponses
Votre historique - résultats
Vous n’avez pas pris ce quiz